Statistics for States with a Springfield

Click here to take the quiz!

General Stats

  • This quiz has been taken 142 times
  • The average score is 27 of 37

Answer Stats

HintAnswer% Correct
116,250Illinois
96%
1,358New York
90%
8,903Florida
86%
60,608Ohio
86%
59,403Oregon
85%
159,498Missouri
83%
409Maine
82%
30,484Virginia
81%
153,060Massachusetts
80%
2,520Georgia
78%
504South Carolina
78%
5,260Michigan
77%
9,373Vermont
76%
3,414New Jersey (Burlington Co.)
73%
15,817New Jersey (Union Co.)
73%
1,451Colorado
71%
1,167Pennsylvania (Bradford Co.)
71%
5,035Pennsylvania (Bucks Co.)
71%
23,677Pennsylvania (Delaware Co.)
71%
3,425Pennsylvania (Erie Co.)
71%
3,111Pennsylvania (Fayette Co.)
71%
612Pennsylvania (Huntingdon Co.)
71%
1,972Pennsylvania (Mercer Co.)
71%
19,418Pennsylvania (Montgomery Co.)
71%
5,152Pennsylvania (York Co.)
71%
17,239Tennessee
71%
2,152Minnesota
70%
2,519Kentucky
69%
2,762Wisconsin (Dane Co.)
67%
567Wisconsin (Jackson Co.)
67%
628Wisconsin (Marquette Co.)
67%
808Wisconsin (St. Croix Co.)
67%
158Wisconsin (Walworth Co.)
67%
477West Virginia
64%
1,989South Dakota
60%
395Louisiana
56%
1,529Nebraska
55%

Score Distribution

Percentile by Number Answered

Percent of People with Each Score

Your Score History

You have not taken this quiz